The monuments of historic Cairo : (Record no. 15253)
[ view plain ]
| 000 -LEADER | |
|---|---|
| fixed length control field | 01298cem a2200325 a 4500 |
| 001 - CONTROL NUMBER | |
| control field | 14377287 |
| 003 - CONTROL NUMBER IDENTIFIER | |
| control field | EG-ScBUE |
| 005 - DATE AND TIME OF LATEST TRANSACTION | |
| control field | 20221115033407.0 |
| 007 - PHYSICAL DESCRIPTION FIXED FIELD--GENERAL INFORMATION | |
| fixed length control field | ad canzn |
| 008 - FIXED-LENGTH DATA ELEMENTS--GENERAL INFORMATION | |
| fixed length control field | 060515s2005 ua ab f b 001 0 eng d |
| 020 ## - INTERNATIONAL STANDARD BOOK NUMBER | |
| International Standard Book Number | 9774248414 |
| 020 ## - INTERNATIONAL STANDARD BOOK NUMBER | |
| International Standard Book Number | 9789774248412 |
| 040 ## - CATALOGING SOURCE | |
| Original cataloging agency | DLC |
| Language of cataloging | eng |
| Description conventions | rda |
| Transcribing agency | DLC |
| Modifying agency | DLC |
| -- | EG-ScBUE |
| 082 04 - DEWEY DECIMAL CLASSIFICATION NUMBER | |
| Classification number | 720.96216 |
| Edition number | 22 |
| Item number | WAR |
| 100 1# - MAIN ENTRY--PERSONAL NAME | |
| Personal name | Warner, Nicholas, |
| Relator term | author. |
| 9 (RLIN) | 23676 |
| 245 14 - TITLE STATEMENT | |
| Title | The monuments of historic Cairo : |
| Remainder of title | a map and descriptive catalogue / |
| Statement of responsibility, etc | Nicholas Warner. |
| 250 ## - EDITION STATEMENT | |
| Edition statement | An American research center in Egypt edition. |
| 264 #1 - PUBLICATION, DISTRIBUTION, ETC. (IMPRINT) | |
| Place of publication, distribution, etc | Cairo ; |
| -- | New York : |
| Name of publisher, distributor, etc | American University in Cairo Press, |
| Date of publication, distribution, etc | 2005. |
| 300 ## - PHYSICAL DESCRIPTION | |
| Extent | 1 atlas (xv, 250 pages) : |
| Other physical details | illustrations (some color), maps (some color), 31 folded maps ; |
| Dimensions | 34 cm. |
| 490 0# - SERIES STATEMENT | |
| Series statement | American Research Center in Egypt Conservation Series ; |
| Volume number/sequential designation | 1 |
| 504 ## - BIBLIOGRAPHY, ETC. NOTE | |
| Bibliography, etc | Includes bibliographical references and index. |
| 650 #7 - SUBJECT ADDED ENTRY--TOPICAL TERM | |
| Topical term or geographic name as entry element | Monuments |
| Geographic subdivision | Egypt |
| -- | Cairo |
| Form subdivision | Maps. |
| Source of heading or term | BUEsh |
| 9 (RLIN) | 23677 |
| 650 #7 - SUBJECT ADDED ENTRY--TOPICAL TERM | |
| Topical term or geographic name as entry element | Historic sites |
| Geographic subdivision | Egypt |
| -- | Cairo |
| Form subdivision | Maps. |
| Source of heading or term | BUEsh |
| 9 (RLIN) | 23678 |
| 651 #7 - SUBJECT ADDED ENTRY--GEOGRAPHIC NAME | |
| Geographic name | Cairo (Egypt) |
| General subdivision | Buildings, structures, etc. |
| Form subdivision | Maps. |
| Source of heading or term | BUEsh |
| 9 (RLIN) | 23679 |
| 653 ## - INDEX TERM--UNCONTROLLED | |
| Arrived date list | April2011 |
| Resource For college | Engineering, Architecture |
| 655 ## - INDEX TERM--GENRE/FORM | |
| Form subdivision | Reading book |
| 942 ## - ADDED ENTRY ELEMENTS (KOHA) | |
| Source of classification or shelving scheme | Dewey Decimal Classification |
| Koha item type | Book - Borrowing |
| Withdrawn status | Lost status | Source of classification or shelving scheme | Damaged status | Not for loan | Collection code | Home library | Current library | Shelving location | Date acquired | Source of acquisition | Cost, normal purchase price | Serial Enumeration / chronology | Total Checkouts | Full call number | Barcode | Date last seen | Price effective from | Koha item type | Date checked out |
|---|---|---|---|---|---|---|---|---|---|---|---|---|---|---|---|---|---|---|---|
| Dewey Decimal Classification | Diwan | Central Library | Central Library | Second Floor | 08/05/2011 | 300.00 | 124070 | 720.96216 WAR | 000023138 | 15/07/2025 | 08/05/2011 | Book - Borrowing | |||||||
| Dewey Decimal Classification | Diwan | Central Library | Central Library | Second Floor | 08/05/2011 | 300.00 | 124070 | 2 | 720.96216 WAR | 000023140 | 15/07/2025 | 08/05/2011 | Book - Borrowing | 14/04/2014 |